000 00880nam a2200277Ia 4500
003 OSt
005 20220928123929.0
006 a|||||r|||| 00| 0
007 ta
008 220927b |||||||| |||| 00| 0 eng d
020 _cUKP 34.99
024 _a144905
037 _b016, 26/02/2021, Excel Book International
_cTextual
040 _aSDCL
_cSDCL
_beng
041 _2eng
_aeng
082 _aW:12.4, R1
100 _aBhattacharyya Harihar
_9462397
245 0 _aFederalism in Asia
_b India , Pakistan, Malaysia, Nepal and Myanmar
250 _a2nd
260 _aLondon
_bRoutledge
_c2021
300 _axv,246p.
_ccm.
490 _aRoutledge studies in federalism and decentralization
650 _aPolitical Science
942 _hW:12.4, R1
_cTEXL
_2CC
999 _c775382
_d775382